| 000 | 00638nam a2200241Ia 4500 | ||
|---|---|---|---|
| 008 | 160319s9999 xx 000 0 und d | ||
| 020 | _a978-971-98-0089-7 | ||
| 050 | _aFIL HA 29 | ||
| 050 | _b.P37 2014 c.1 | ||
| 100 | _aParreño, Elizabeth B. | ||
| 245 | _aBasic statistics : | ||
| 245 | _ba worktext / | ||
| 245 | _cElizabeth Parreño, Ronel O. Jimenez. | ||
| 250 | _a2nd Edition | ||
| 260 | _aQuezon City: | ||
| 260 | _bC&E Publishing, Inc. | ||
| 260 | _c2014 | ||
| 300 | _a272 pages : | ||
| 300 | _billustrations ; | ||
| 300 | _c22 cm. | ||
| 500 | _aIncludes bibliographical references. | ||
| 650 | _aStatistics. | ||
| 999 |
_c291871 _d291871 |
||